LIBRARY & INFORMATION CENTRE, KCAET, TAVANUR

ONLINE PUBLIC ACCESS CATALOGUE (OPAC)

Magnets: The education of a physics / (Record no. 7387)

MARC details
000 -LEADER
fixed length control field 00450cam a2200181ua 4500
041 ## - LANGUAGE CODE
Language code of text/sound track or separate title eng
082 ## - DEWEY DECIMAL CLASSIFICATION NUMBER
Classification number 538
Item number BIT/MA
100 ## - MAIN ENTRY--AUTHOR NAME
Personal name Bitter, Francis .
245 ## - TITLE STATEMENT
Title Magnets: The education of a physics /
250 ## - EDITION STATEMENT
Edition statement 1 /
260 ## - PUBLICATION, DISTRIBUTION, ETC. (IMPRINT)
Place of publication Melbourne :
Name of publisher William Heinemann Ltd ,
Year of publication 1959.
300 ## - PHYSICAL DESCRIPTION
Number of Pages 155 ; .
942 ## - ADDED ENTRY ELEMENTS (KOHA)
Koha item type Books
Holdings
Withdrawn status Lost status Damaged status Home library Current library Date acquired Full call number Accession Number Koha item type
      KAUAET KAUAET 07/04/2012 538 517 Books
free website counter